000 00819nam a22002057a 4500
003 NUST-PNEC
005 20170114142527.0
008 140507b xxu||||| |||| 00| 0 eng d
020 _a0471412546
040 _cPNEC
082 _a658.4038 PON
100 _996
_aPonniah, Paulraj
245 _aData Warehousing Fundamentals
_bA Comprehensive Guide for IT Professionals
_cPaulraj Ponniah
250 _a Wiley Student edition
260 _aNew Dehli
_bJhon Willey & Sons Inc.
_cc.2001
300 _axx, 516 p. :
_bill. :
_c24 cm.
500 _aIncludes Index http://www.amazon.com/Data-Warehousing-Fundamentals-Comprehensive-Professionals/dp/0471412546/ref=sr_1_1?s=books&ie=UTF8&qid=1399463347&sr=1-1&keywords=data+warehousing+fundamentals+a+comprehensive+guide+for+it+professionals
650 _xMIS
942 _2ddc
_cBK
999 _c60084
_d60084